Olympique Lyonnais: quiz de connaissances - Statistiques

Statistiques générales
  • Ce quiz a été pris 83 fois
  • Le résultat moyen est 8 sur 15
Statistiques - réponses
Questions Réponses % Correct
Lequel de ces joueurs n'est pas passé par l'OL ? Miralem Pjanic, Anthony Martial, Clément Lenglet (inscrire seulement le nom de famille de la personnne concernée). Lenglet
80%
Quel est le meilleur passeur décisif de l'OL au 21ème siècle ? Juninho
79%
Quel célèbre streamer Twitch et Youtube, très grand supporter de l'OL commente aujourd'hui la Saudi Pro League ? Zack Nani
79%
Je suis le meilleur joueur du monde lorsque je joue contre Manchester City. Qui suis-je ? Cornet
74%
Quel joueur anglais a définitivement éliminé l'OL de l'Europa League en 2024-25 avec un but à la 120+1 min ? Maguire
70%
J'ai joué pour Valenciennes, Lyon, Berlin et Brest. J'ai deja marqué en LDC contre la Juventus et Barcelone ? Tousart
66%
Où est né le "ballon d'or du peuple" Karim Benzema ? Bron
60%
Durant la saison 2020-21, quel joueur a été prêté à Lyon par la Juventus ? De Sciglio
47%
J'ai été joueur, entraineur, conseiller et directeur sportif de l'OL. Qui suis-je ? Lacombe
46%
Quel jeune lyonnais a fait ses débuts en professionnel avec Lyon cette année en portant le numéro 39? De Carvalho
40%
Dans quel club français évoluait Michael Essien avant de rejoindre l'OL ? Bastia
34%
Qui est le transfert le plus cher de l'histoire de l'OL avant le transfert de Jeff Reine-Adelaide ? Andersen
26%
Quel entraineur lyonnais avait arboré des chaussures Nike à l'éffigie des BadGones 1987 pour un derby? Garde
23%
De quel pays provenait Mariano Diaz ( nom du pays de sa nationnalité) Répubique Dominicaine
21%
Dans quel club a été formé Tanguy Ndombélé ? Amiens SC
16%
Aucun quiz correspondant
Distribution des résultats
% des personnes avec chaque résultat
Percentile par nombre de réponses
Votre historique - résultats
Vous n’avez pas pris ce quiz